| 000 | 00578nam a22001937a 4500 | ||
|---|---|---|---|
| 003 | KOHA_MİRAKIL | ||
| 005 | 20240930101021.0 | ||
| 008 | 240929b2021 tu ||||| |||| 00| 0 tur d | ||
| 020 | _a9786254102554 | ||
| 040 |
_aTR-AnABB _btur _cTR-AnABB |
||
| 041 | _atur | ||
| 082 |
_a158.1 _bFIL 2021 |
||
| 100 |
_aFilliozat, Isabelle, _d1957-. |
||
| 245 | 0 |
_aSevince giden yollar : _byaşamı anlamdırmanın mutluluğu / _cIsabelle Filliozat. |
|
| 260 |
_aİstanbul : _bPegasus Yayınları, _c2021. |
||
| 300 |
_a211 sayfa ; _c20 cm. |
||
| 650 | _aKişisel gelişim | ||
| 942 |
_2ddc _cBK |
||
| 999 |
_c2394 _d2394 |
||